S. 2908, S. 3263, S. 4000, and S. 4442 : hearing before the Committee on Indian Affairs (1993- ), United States Senate, One Hundred Eighteenth Congress, second session, June 12, 2024.

Bibliographic Details
Corporate Author: United States. Congress. Senate. Committee on Indian Affairs (1993- ) (Author)
Format: Government Document eBook
Language:English
Published: Washington : U.S. Government Publishing Office, 2024.
Series:S. hrg. ; 118-418
Subjects:
Online Access:PDF version
Text version

MARC

Tag First Indicator Second Indicator Subfields
LEADER 00000nam a2200000 i 4500
001 in00005610121
006 m o d f
007 cr |||||||||||
008 241025s2024 dcu ob f000 0 eng c
005 20241219164139.8
024 8 |a 56-888  |q (GPO jacket number) 
035 |a (OCoLC)on1463708289 
040 |a GPO  |b eng  |e rda  |e pn  |c GPO  |d MvI 
042 |a pcc 
043 |a n-us---  |a n-us-al  |a n-us-ca  |a n-us-mt 
049 |a WWW 
074 |a 1009-D-05 (online) 
086 0 |a Y 4.IN 2/11:S.HRG.118-418 
110 1 |a United States.  |b Congress.  |b Senate.  |b Committee on Indian Affairs (1993- ),  |0 https://id.loc.gov/authorities/names/no96040455  |e author. 
245 1 0 |a S. 2908, S. 3263, S. 4000, and S. 4442 :  |b hearing before the Committee on Indian Affairs (1993- ), United States Senate, One Hundred Eighteenth Congress, second session, June 12, 2024. 
264 1 |a Washington :  |b U.S. Government Publishing Office,  |c 2024. 
300 |a 1 online resource (iii, 48 pages). 
336 |a text  |b txt  |2 rdacontent 
337 |a computer  |b c  |2 rdamedia 
338 |a online resource  |b cr  |2 rdacarrier 
490 1 |a S. hrg. ;  |v 118-418 
500 |a In scope of the U.S. Government Publishing Office Cataloging and Indexing Program (C&I) and Federal Depository Library Program (FDLP). 
500 |a Associated bill citation(s): S. 4; S. 40; H.R. 130; H.R. 131; H.R. 249; H.R. 279; H.R. 312; H.R. 375; H.R. 407; S. 563, [and others]. 
500 |a GPO Cataloging Record Distribution Program (CRDP). 
504 |a Includes bibliographical references. 
511 0 |a Hearing witnesses: Bryan, Hon. Stephanie, Chair/CEO, Poarch Band of Creek Indians; Carlson, Sr., Ervin, President, Intertribal Buffalo Council; Mejia, Hon. Andy, Chairperson, Lytton Rancheria of California; Newland, Hon. Bryan, Assistant Secretary, Indian Affairs, U.S. Department of the Interior; Whiteclay, Hon. Frank, Chairman, Crow Nation of Montana. 
518 |a Date of hearing: 2024-06-12. 
588 |a Description based on online resource; title from PDF title page (GovInfo, viewed Oct. 25, 2024). 
650 0 |a American bison  |x Conservation  |z United States. 
650 0 |a American bison  |x Habitat  |x Conservation  |z United States. 
650 0 |a Indians of North America  |x Land tenure  |z Alabama. 
651 0 |a Poarch Band of Creek Indians.  |0 https://id.loc.gov/authorities/names/no2022011764 
651 0 |a Lytton Rancheria of California.  |0 https://id.loc.gov/authorities/names/n2013058132 
650 0 |a Indians of North America  |x Land tenure  |z California  |z Sonoma County. 
650 0 |a Water rights  |z Montana. 
650 7 |a Native Americans.  |2 cgpa 
655 7 |a Legislative hearings.  |2 lcgft  |0 https://id.loc.gov/authorities/genreForms/gf2013025047 
776 0 8 |i Print version:  |a United States. Congress. Senate. Committee on Indian Affairs (1993- ).  |t S. 2908, S. 3263, S. 4000, and S. 4442  |w (OCoLC)1463705542 
810 1 |a United States.  |b Congress.  |b Senate.  |t S. hrg. ;  |0 https://id.loc.gov/authorities/names/n83707917  |v 118-418. 
856 4 0 |3 PDF version  |u https://purl.fdlp.gov/GPO/gpo234124  |t 0 
856 4 0 |3 Text version  |u https://purl.fdlp.gov/GPO/gpo234123  |t 0 
999 f f |i 1bc1eaeb-bad0-4f69-b966-b38cb961b0d5  |s 2ef08462-f229-43f3-be03-6cc83ebed1cd  |t 0 
952 f f |a Texas A&M University  |b College Station  |c Electronic Resources  |d Available Online  |t 0  |e Y 4.IN 2/11:S.HRG.118-418  |h Superintendent of Documents classification 
998 f f |a Y 4.IN 2/11:S.HRG.118-418  |t 0  |l Available Online